000 01125nam a2200325 a 4500
008
020 _a1874950024 (pbk. )
049 _aMAIN
090 0 _aQK495 SAS
100 1 _aRebelo, Tony.
245 1 0 _aSasol proteas :
_ba field guide to the proteas of southern Africa /
_cTony Rebelo
246 1 8 _aProteas of southern Africa
246 3 0 _aProteas
260 _aVlaeberg :
_bFernwood Press in association with the National Botanical Institute,
_c1995.
300 _a224 p., 112 p. of plates :
_bill. (some col.), maps ;
_c21 cm.
500 _aphotographs by Patersons-Jones Colin
500 _aIllustrated by Nicci Page
504 _aIncludes bibliographical references.
500 _aIncludes index.
650 0 _aProteaceae
_zAfrica, Southern
_xIdentification.
650 0 _aProteaceae
_zAfrica, Southern
_xGeographical distribution.
700 _aPaterson-Jones, Colin.
700 1 _aPage, Nicci.
710 2 _aSasol (Firm)
907 _a.b10235206
_b30-04-07
_c01-03-07
003
005 20230123134412.0
040 _cNUST
942 _cBOOKS
_kQK495 SAS
999 _c165290
_d165290